Top 30 Largest Ethnic Groups in China - Statistics

General Stats
  • This quiz has been taken 58 times
  • The average score is 12 of 30
Answer Stats
Total Population Population (%) Ethnic % Correct
1,284,446,389 91.1098% Han
96%
11,774,538 0.8352% Uyghur
89%
1,702,479 0.1207% Korean
85%
6,290,204 0.4461% Mongol
83%
1,602,104 0.1136% Li
68%
7,060,731 0.5008% Tibetan
68%
11,067,929 0.7394% Manchu
64%
1,562,518 0.1108% Kazakh
62%
11,067,929 0.7851% Miao
60%
281,928 0.0200% Tu
55%
19,568,546 1.3801% Zhuang
51%
11,377,914 0.8070% Hui
49%
9,830,327 0.6973% Yi
45%
1,733,166 0.1229% Hani
38%
746,385 0.0529% She
30%
3,495,993 0.2480% Dong
28%
9,587,732 0.6801% Tujia
28%
430,997 0.0306% Wa
28%
3,309,341 0.2347% Yao
28%
2,091,543 0.1484% Bai
26%
1,329,985 0.0943% Dai
21%
774,947 0.0550% Dongxiang
21%
323,767 0.0230% Nakhi
21%
3,576,752 0.2537% Bouyei
19%
762,296 0.0541% Lisu
17%
312,981 0.0222 Qiang
15%
499,167 0.0354% Lahu
11%
677,521 0.0481% Gelao
9%
495,928 0.0352% Sui
9%
277,233 0.0197% Mulao
6%
No matching quizzes found
Score Distribution
Percent of People with Each Score
Percentile by Number Answered
Your Score History
You have not taken this quiz